000 00332nam a2200145Ia 4500
008 230711s9999||||xx |||||||||||||| ||und||
041 _aENG
082 _a624
_bIS-I
100 _aISTE
245 0 _aISTE handbook 1995-96
250 _a1st
260 _c1995
_aNew Delhi
_bISTE Learing Material
650 _aLiterature
942 _cBK
999 _c3178
_d3178